| Поле | Инд. | ПП | Название | Значение |
|---|---|---|---|---|
| Тип записи | a | |||
| Библиографический уровень | m | |||
| 001 | Контрольный номер | e1d226f8-923e-4ed0-9066-f39b62619e05 | ||
| 005 | Дата корректировки | 20140703161327.9 | ||
| 008 | Кодируемые данные | 071109 | ||
| 020 | c | Цена, тираж | б/ц | |
| 040 | a | Служба первич. каталог. | НБ ТвГУ | |
| 041 | a | Код языка текста | rus | |
| 080 | a | Индекс УДК | 1(430)(092)(043.3) | |
| a | Индекс УДК | 929Гегель | ||
| 084 | a | Индекс другой классификации/Индекс ББК | Ю3(4Гем)5-563я031 | |
| 090 | x | Авторский знак | Т80 | |
| a | Полочн. индекс | Ю3(4Гем) | ||
| 100 | 1_ | a | Автор | Труфанов Сергей Николаевич |
| 245 | 10 | a | Заглавие | Концепция самосознания в философской системе Г. В. Ф. Гегеля |
| b | Продолж. заглавия | автореф. дис. ... канд. филос. наук : 09.00.03 | ||
| c | Ответственность | Твер. гос. ун-т | ||
| 260 | 0_ | a | Место издания | Тверь |
| a | Место издания | Самара | ||
| b | Издательство | Самар. гос. ун-т | ||
| c | Дата издания | 2007 | ||
| 300 | a | Объем | 19 с. | |
| 500 | a | Примечание | На правах рукоп. | |
| 504 | a | Библиография | Библиогр. в конце кн. и в подстроч. примеч. | |
| 583 | a | Действие | Получение впервые 304 30.11.2007 | |
| 650 | a | Основная рубрика | Гегель, Георг Вильгельм Фридрих, о нем | |
| 650 | a | Основная рубрика | Философия | |
| x | Основная подрубрика | История | ||
| y | Хронологическая подрубрика | 18-19 вв. | ||
| z | Географическая подрубрика | Германия | ||
| 650 | a | Основная рубрика | Немецкая философия | |
| 653 | a | Ключевые слова | Гегель | |
| a | Ключевые слова | Немецкая философия | ||
| a | Ключевые слова | История философии | ||
| a | Ключевые слова | Философия | ||
| a | Ключевые слова | Самосознание | ||
| a | Ключевые слова | Авторефераты | ||
| a | Ключевые слова | Персоналии | ||
| a | Ключевые слова | Труды Тверского государственного университета | ||
| 710 | a | Организация/ юрисдикция | Тверской государственный университет | |
| 852 | t | Порядковый номер экземпляра | 2 | |
| p | Инвентарный номер | б/н | ||
| 888 | a | Бесплатные | ||
| 930 | a | Новая/Ретро | авторефераты | |
| a | Новая/Ретро | персоналии | ||
| 952 | p | 304.2007 б/ц 2 б/н | ||
| c | Вид литературы | А/Р н | ||
| 954 | a | Дата поступления на обработку | 20071130 | |
| 999 | a | Подразделение 2 | ч.з. |